Teatro selecto. TomoIV (Obras Varias). Comedias: No siempre lo peor es cierto. Guárdate del agua mansa. Zarzuelas. El laurel de Apolo. La púrpura de la rosa. Autos sacramentales. La cena de Baltasar. La vida es sueño. A Dios por razón de estado

Сохранить в:
Библиографические подробности
Главный автор: Calderón de la Barca, Pedro
Формат:
Язык:Undetermined
Опубликовано: Madrid, España Sucesores de Hernando 1917
Предметы:
Метки: Добавить метку
Нет меток, Требуется 1-ая метка записи!

MARC

LEADER 00000nam a2200000Ia 4500
008 170316s9999 xx 000 0 und d
040 |a cru BVZT 
090 |a 862 C-3t v.4 
100 |a Calderón de la Barca, Pedro 
245 |a Teatro selecto. TomoIV (Obras Varias). Comedias: No siempre lo peor es cierto. Guárdate del agua mansa. Zarzuelas. El laurel de Apolo. La púrpura de la rosa. Autos sacramentales. La cena de Baltasar. La vida es sueño. A Dios por razón de estado  |c D. Marcelino Menéndez Pelayo, estudio crítico 
260 |a Madrid, España 
260 |b Sucesores de Hernando 
260 |c 1917 
300 |a 587 páginas. Tomo IV 
650 |a LITERATURA ESPAÑOLA 
650 |a TEATRO 
650 |a COMEDIAS 
999 |c 9747  |d 9747 
942 |c 15 D  |h 862 C-3t v.4  |2 z